A True discoverie of the late intended plot to ruine the citie of London and the Parliament : as it was informed by Mr. Pym, young Sir Henry Vane, Mr. Soliciter, and Mr. Glyn, recorder of London : with the names of the conspirators, and how the said plot should have been executed : as also whom they had appointed to be generall of those forces which they shonld [sic] have raised to effect their intended mischief : together with the names of two lords who were committed on Munday last, one to the custody of the Lord Masor, the other to Sheriffe Anderson, for concealing the said plot.

Bibliographic Details
Format: eBook
Language:English
Published: London : Printed for J.R., 1643.
Series:Early English books online.
Subjects:
Online Access:Connect to the full text of this electronic book

MARC

Tag First Indicator Second Indicator Subfields
LEADER 00000nam a2200000Ia 4500
001 in00004266364
005 20200810073150.0
006 m g d
007 cr bn |||a|bb|
008 850710s1643 enk o 00| | eng d
035 |a (OCoLC)12249064 
040 |a EAA  |c EAA  |d m/c  |d UMI  |d WaOLN 
037 |a CL0037000007  |b ProQuest Information and Learning. 300 N. Zeeb Rd., Ann Arbor, MI 48106 
049 |a UMIA 
245 0 2 |a A True discoverie of the late intended plot to ruine the citie of London and the Parliament :  |b as it was informed by Mr. Pym, young Sir Henry Vane, Mr. Soliciter, and Mr. Glyn, recorder of London : with the names of the conspirators, and how the said plot should have been executed : as also whom they had appointed to be generall of those forces which they shonld [sic] have raised to effect their intended mischief : together with the names of two lords who were committed on Munday last, one to the custody of the Lord Masor, the other to Sheriffe Anderson, for concealing the said plot. 
260 |a London :  |b Printed for J.R.,  |c 1643. 
300 |a 1 online resource ([8] pages) 
336 |a text  |b txt  |2 rdacontent 
337 |a computer  |b c  |2 rdamedia 
338 |a online resource  |b cr  |2 rdacarrier 
500 |a Reproduction of original in Thomason Collection, British Library. 
510 4 |a Wing  |c T2685 
533 |a Electronic reproduction.  |b Ann Arbor, Mich. :  |c UMI,  |d 1999-  |f (Early English books online)  |n Digital version of: (Early English books, 1641-1700 ; 245:E105, no 31)  |7 s1999 miun s 
600 1 0 |a Pym, John,  |d 1584-1643. 
651 0 |a London (England)  |x History. 
830 0 |a Early English books online. 
856 4 0 |u http://proxy.library.tamu.edu/login?url=https://search.proquest.com/docview/2240955778  |z Connect to the full text of this electronic book  |t 0 
999 f f |s 0ae0777a-10b9-3d75-bade-5275991f365f  |i 4257b540-6d97-32d9-8959-ffd1d6a27a12  |t 0 
952 f f |a Texas A&M University  |b College Station  |c Electronic Resources  |d Available Online  |t 0  |h No information provided 
998 f f |t 0  |l Available Online